| 000 | 00419 a2200109 4500 | ||
|---|---|---|---|
| 001 | ART_3242 | ||
| 005 | 20260410161713.0 | ||
| 008 | 260409a | ||
| 245 | 1 | 0 | _a"Precios de transferecia", rentabilidad y esfuerzos de investigación y desarrollo.Un estudio de casos en el mercado farmacéutico |
| 100 | 1 | _aKatz, Jorge M. | |
| 773 | 0 |
_tDesarrollo económico _g- Vol. 16, Nº 62 (jul./sep. 1976) _wREV1174 |
|
| 999 |
_c16246 _d16246 |
||